LIBRARY & INFORMATION CENTRE, KCAET, TAVANUR

ONLINE PUBLIC ACCESS CATALOGUE (OPAC)

Annotated bibliography on improvisation of animal drawn vehicle transport in India and abroad / (Record no. 8871)

MARC details
000 -LEADER
fixed length control field 00488cam a2200157ua 4500
041 ## - LANGUAGE CODE
Language code of text/sound track or separate title eng
082 ## - DEWEY DECIMAL CLASSIFICATION NUMBER
Classification number 028.75011
Item number DES/AN
100 ## - MAIN ENTRY--AUTHOR NAME
Personal name Deshpande, S.D .
245 ## - TITLE STATEMENT
Title Annotated bibliography on improvisation of animal drawn vehicle transport in India and abroad /
260 ## - PUBLICATION, DISTRIBUTION, ETC. (IMPRINT)
Place of publication Bhopal :
Name of publisher Central Institute of Agricultural Engineering ,
Year of publication 1983.
300 ## - PHYSICAL DESCRIPTION
Number of Pages 154 ; .
700 1# - ADDED ENTRY--PERSONAL NAME
Personal name Ojha, T.P.
942 ## - ADDED ENTRY ELEMENTS (KOHA)
Koha item type Books
Holdings
Withdrawn status Lost status Damaged status Home library Current library Date acquired Full call number Accession Number Koha item type
      KAUAET KAUAET 30/08/1990 028.75011 16714 Reference
free website counter